| 000 | 00924nas a2200277 4500 | ||
|---|---|---|---|
| 001 | BR2010005573 | ||
| 003 | BR-BrBNA | ||
| 005 | 20231205114818.0 | ||
| 007 | ta | ||
| 008 | 230509b bl.|||p| |||| 00| 00por d | ||
| 040 |
_aBR-BrBNA _bpor _cBiblioteca Nacional de Agricultura |
||
| 041 | _a(Pt) | ||
| 072 | _aM12 | ||
| 100 | 1 | _aAndrade, V.X.L. | |
| 100 | 1 | _aHonji, R.M. | |
| 100 | 1 | _aRomagosa, E. | |
| 245 | 1 | _aProcesso de maturação das gônadas de pintado (Pseudoplatystoma corruscans)alimentado com dois níveis proteicos e suplementados com óleo de milho | |
| 650 | _aPEIXE DE ÁGUA DOCE | ||
| 650 | _aREPRODUTOR | ||
| 650 | _aPROTEÍNA | ||
| 650 | _aDIETA | ||
| 650 | _aÁCIDO LINOLEICO | ||
| 773 | 0 |
_tArquivo Brasileiro de Medicina Veterinária e Zootecnia (Brazil) _xISSN 0102-0935 _g(Apr 2010), v. 62(2) p. 332-342 _wBR2010005573 |
|
| 909 |
_a202311 _bLúcia _c55 _dLúcia Elande |
||
| 942 |
_2AGRIS _n0 _cANA |
||
| 999 |
_c210619 _d210619 |
||